| 000 | 00827nam a2200277Ia 4500 | ||
|---|---|---|---|
| 003 | OSt | ||
| 005 | 20220924123833.0 | ||
| 006 | a|||||r|||| 00| 0 | ||
| 007 | ta | ||
| 008 | 220923b |||||||| |||| 00| 0 urd d | ||
| 020 | _c75.00 | ||
| 024 | _a283656 | ||
| 037 | _cTextual | ||
| 040 |
_aARTS _cARTS _burd |
||
| 041 |
_2urd _aurd |
||
| 082 | _aO168,1N1414:g, N3 | ||
| 100 |
_aAjmali Ajmal Ed. _9194067 |
||
| 245 | 0 |
_aGhulam Rabbani Taban _b Shakhsiyat aur adbi khidmaat |
|
| 260 |
_aNew Delhi _b Mahnama Kitab Numa India _c1993 |
||
| 300 |
_a160p. _ccm. |
||
| 650 | _aURDU POETRY | ||
| 700 |
_a Rizvi Gazra Ed. _9194068 |
||
| 700 |
_a Saghra Mehdi Ed. _9194069 |
||
| 942 |
_hO168,1N1414:g, N3 _cTEXL _2CC |
||
| 999 |
_c417322 _d417322 |
||